00530nam a22001577a 450000500170000002000220001703500120003903700130005110000240006424500620008826000350015030000250018594200270021099900170023795201180025420120306142951.0 a8178220008c00.00 aB-30281 aDPLbENG aVerma, Vinod943554 aStress-free work with Yoga and Ayurveda /cby Vinod Verma aNew DelhibNew Age Booksc1999 axiii, 193p.c18 cms. 2ddccENh155.9042mVER c63835d63835 001040708NFICaZLSbZLSd2012-03-06g0.00l0o155.9042 VERpB-30281r2012-03-06 00:00:00v0.00w2012-03-06yEN